| 000 | 00907nam a2200229Ia 4500 | ||
|---|---|---|---|
| 001 | 17749 | ||
| 003 | GE_BSU | ||
| 008 | 181216s||||||||xx |||||||||||||| ||und|| | ||
| 020 | _a9789941448478 | ||
| 040 | _cGE_BSU | ||
| 080 | _a631.563(042.4)+621.56/59 | ||
| 100 | _aმიქაბერიძე, მაყვალა. | ||
| 245 | _aხილ-ბოსტნეულის სამაცივრო ტექნიკა-ტექნოლოგია | ||
| 245 | _cრედ.: მაყვალა ფრუიძე | ||
| 260 | _aქუთაისი | ||
| 260 | _bაკაკი წერეთლის სახ. უნ-ტი | ||
| 260 | _c2013 | ||
| 300 | _a216გვ. 21სმ. ცხრ. | ||
| 300 | _eბიბლ.გვ.213-214 | ||
| 653 | _aხილ-ბოსტნეულის სამაცივრო ტექნიკა-ტექნოლოგია | ||
| 942 | _cBK | ||
| 999 |
_c50797 _d50797 |
||